|
|
|
|
| LEADER |
01208nam a2200337 4500 |
| 001 |
on1119731680 |
| 003 |
OCoLC |
| 005 |
20200326101204.0 |
| 006 |
m o d |
| 007 |
cr cnu---unuuu |
| 008 |
190918s2019 mau o 000 0 eng d |
| 040 |
|
|
|a OPELS
|b eng
|e rda
|e pn
|c OPELS
|d OCLCF
|d GrThAP
|
| 020 |
|
|
|a 9780128203354
|q (print)
|
| 035 |
|
|
|a (OCoLC)1119731680
|
| 050 |
|
4 |
|a QP249
|
| 082 |
0 |
4 |
|a 616.6107
|2 23
|
| 245 |
0 |
0 |
|a Methods in kidney cell biology.
|n Part B /
|c edited by Thomas Weimbs.
|
| 264 |
|
1 |
|a Cambridge, MA :
|b Academic Press,
|c 2019.
|
| 300 |
|
|
|a 1 online resource.
|
| 336 |
|
|
|a text
|b txt
|2 rdacontent
|
| 337 |
|
|
|a computer
|b c
|2 rdamedia
|
| 338 |
|
|
|a online resource
|b cr
|2 rdacarrier
|
| 490 |
1 |
|
|a Methods in cell biology ;
|v volume 154
|
| 588 |
0 |
|
|a Online resource; title from PDF title page (ScienceDirect, viewed September 18, 2019).
|
| 650 |
|
0 |
|a Kidneys
|x Cytology.
|
| 650 |
|
0 |
|a Proteomics.
|
| 650 |
|
7 |
|a Proteomics.
|2 fast
|0 (OCoLC)fst01079785
|
| 655 |
|
4 |
|a Electronic books.
|
| 700 |
1 |
|
|a Weimbs, Thomas,
|e editor.
|
| 830 |
|
0 |
|a Methods in cell biology ;
|v v. 154.
|
| 856 |
4 |
0 |
|3 ScienceDirect
|u https://www.sciencedirect.com/science/bookseries/0091679X/154
|z Full Text via HEAL-Link
|